00842nam a22002051i 45000010005000000900009000051000041000141010008000552000055000632150030001183000053001487000045002012100036002462250035002824100031003179960100003489960108004489900011005569950069005675938 a5938 a20170304u u u0frey50 ba0 apor1 fHans Christian AndersenaA colina dos anõezinhos a[16] p.cmuito il.d24 cm aExemplar nÇ 0006457 em depósito / caixa 157 1aAndersenbHans Christian4070f1805-1875 cPorto EditoraaPortodimp. 19842 aContos clássicos editorav19 0tContos clássicos editora f0006457kAND Infm00000000n00000000aBMVAb1vDepósitoxLiteratura Infantily35eLivro1031 f0021209kAND Infu m00000000n00000000aBMVAALb3vAlcáçovasxLiteratura Infantily35eLivro1031 cLIVROS 001097645bBMVAdBMVAALf0022631k8 AND o0rLIVROSu 6-10 anos